header

Transitions in work and learning (Record no. 60707)

MARC details
000 -LEADER
fixed length control field 02922nam a2200397 a 4500
082 04 - DEWEY DECIMAL CLASSIFICATION NUMBER
Classification number 370.11/3/0973
245 00 - TITLE STATEMENT
Title Transitions in work and learning
260 ## - PUBLICATION, DISTRIBUTION, ETC. (IMPRINT)
Place of publication Washington, D.C. :
Name of publisher National Academy Press,
Year of publication 1997.
300 ## - PHYSICAL DESCRIPTION
Number of Pages viii, 283 p. :
Other physical details ill.
500 ## - GENERAL NOTE
General note Papers presented at a conference held in March 1996.
General note "Board on Testing and Assessment, Commission on Behavioral and Social Sciences and Education, National Research Council."
650 #0 - SUBJECT ADDED ENTRY--TOPICAL TERM
Topical Term Vocational evaluation
Topical Term School-to-work transition
Topical Term Vocational education
Topical Term Occupational training
Topical Term Labor market
700 1# - ADDED ENTRY--PERSONAL NAME
Personal name Lesgold, Alan M.
Personal name Feuer, Michael J.
Personal name Black, Allison M.
856 40 - ELECTRONIC LOCATION AND ACCESS
Uniform Resource Identifier http://site.ebrary.com/lib/rucke/Doc?id=10041074

No items available.

© 2026 Rongo University
Contact us: librarian | system librarian | Rongo university